000 00195nam a2200073Ia 4500
008 170617s9999 xx 000 0 und d
100 _aEncyclopedia
245 4 _aThe Encyclopedic Atlas of the Human Body
260 _bMumbai-Source
999 _c14807
_d14807